Site investigation and the law / (Record no. 546169)

000 -LEADER
fixed length control field 00601cam a2200193 a 4500
020 ## - INTERNATIONAL STANDARD BOOK NUMBER
International Standard Book Number 0727701886 :
082 00 - DEWEY DECIMAL CLASSIFICATION NUMBER
Classification number 624
Author Mark COT
-- 38, P-82
100 1# - MAIN ENTRY--PERSONAL NAME
Personal name Cottington, Jack.
9 (RLIN) 42247
245 10 - TITLE STATEMENT
Title Site investigation and the law /
Statement of responsibility, etc. Jack Cottington, Robert Akenhead.
260 ## - PUBLICATION, DISTRIBUTION, ETC.
Place of publication, distribution, etc. London :
Name of publisher, distributor, etc. Telford,
Date of publication, distribution, etc. 1984.
300 ## - PHYSICAL DESCRIPTION
Extent xvi, 184 p. ;
Dimensions 24 cm.
500 ## - GENERAL NOTE
General note "Table of cases": p. xvi.
500 ## - GENERAL NOTE
General note Includes index.
526 ## - STUDY PROGRAM INFORMATION NOTE
Program name 0
Interest level 0
Reading level 0
Title point value 624_000000000000000_COT
650 #0 - SUBJECT ADDED ENTRY--TOPICAL TERM
Topical term or geographic name entry element Construction contracts
Geographic subdivision Great Britain.
9 (RLIN) 37710
650 #0 - SUBJECT ADDED ENTRY--TOPICAL TERM
Topical term or geographic name entry element MCE
9 (RLIN) 379
700 1# - ADDED ENTRY--PERSONAL NAME
Personal name Akenhead, Robert.
9 (RLIN) 42248
942 ## - ADDED ENTRY ELEMENTS (KOHA)
Source of classification or shelving scheme
Koha item type Book
Holdings
Withdrawn status Lost status Source of classification or shelving scheme Damaged status Not for loan Permanent Location Current Location Date acquired Total Checkouts Full call number Barcode Date last seen Price effective from Koha item type
          Military College of Engineering (MCE) Military College of Engineering (MCE) 06/04/2014   624 COT MCE-29704 06/04/2014 06/04/2014 Book
© 2023 Central Library, National University of Sciences and Technology. All Rights Reserved.